| 000 | 00391nam a22001457a 4500 | ||
|---|---|---|---|
| 005 | 20200613111827.0 | ||
| 008 | 200613b xxu||||| |||| 00| 0 eng d | ||
| 082 | _a345.4 AIR. | ||
| 110 |
_aALL INDIA REPORTER, _96058 |
||
| 245 | _aALL INDIA REPORTER, [1979] [VOL-66] ALLAHABAD SECTION | ||
| 260 | _bALL INDIA REPORTER, PVT. LTD. | ||
| 300 | _a304;p | ||
| 650 |
_aLAW _95701 |
||
| 942 | _cJRL | ||
| 999 |
_c7117 _d7115 |
||